Studies in a mosque / (Record no. 32387)
[ view plain ]
| 000 -LEADER | |
|---|---|
| fixed length control field | 00872nam a2200289 a 4500 |
| 001 - CONTROL NUMBER | |
| control field | 32387 |
| 003 - CONTROL NUMBER IDENTIFIER | |
| rucl marc code | BD-RjUL |
| 005 - DATE AND TIME OF LATEST TRANSACTION | |
| control field | 20211209051828.0 |
| 008 - FIXED-LENGTH DATA ELEMENTS--GENERAL INFORMATION | |
| fixed length control field | 181003r19661883ky 000 0 eng d |
| 035 ## - SYSTEM CONTROL NUMBER | |
| System control number | (BD-RjUL)32476 |
| System control number | (OCoLC)3427677 |
| 040 ## - CATALOGING SOURCE | |
| Original cataloging agency | DLC |
| Transcribing agency | OC |
| Modifying agency | OCoLC |
| -- | DLC |
| -- | BD-RjUL |
| Language of cataloging | eng |
| 041 ## - LANGUAGE CODE | |
| Language code of text/sound track or separate title | eng |
| 082 04 - DEWEY DECIMAL CLASSIFICATION NUMBER | |
| Classification number | 297 |
| Author mark and year | LAS 1966 |
| 100 2# - MAIN ENTRY--PERSONAL NAME | |
| Personal name | Lane-Poole, Stanley, |
| Dates associated with a name | 1854-1931. |
| 9 (RLIN) | 80489 |
| 245 10 - TITLE STATEMENT | |
| Title | Studies in a mosque / |
| Statement of responsibility, etc. | Stanley Lane-Poole, |
| 250 ## - EDITION STATEMENT | |
| Edition statement | Khayats oriental reprint ed. |
| 260 ## - PUBLICATION, DISTRIBUTION, ETC. (IMPRINT) | |
| Place of publication, distribution, etc. | Beirut : |
| Name of publisher, distributor, etc. | Khayats, |
| Date of publication, distribution, etc. | 1883 [Reprint1966] |
| 300 ## - PHYSICAL DESCRIPTION | |
| Pagination | viii, 288 p. ; |
| Size | 22 cm. |
| 490 #0 - SERIES STATEMENT | |
| Series statement | Khayats oriental reprint ; |
| Volume/sequential designation | no. 21 |
| 500 ## - GENERAL NOTE | |
| General note | Reprint of the 1883 ed. |
| 650 #0 - SUBJECT ADDED ENTRY--TOPICAL TERM | |
| Topical term or geographic name as entry element | Islam. |
| 9 (RLIN) | 98532 |
| Topical term or geographic name as entry element | Islamic civilization. |
| 9 (RLIN) | 98533 |
| 830 ## - SERIES ADDED ENTRY--UNIFORM TITLE | |
| Uniform title | Khayats oriental reprint ; |
| Volume number/sequential designation | no. 21 |
| 942 ## - ADDED ENTRY ELEMENTS (KOHA) | |
| Source of classification or shelving scheme | Dewey Decimal Classification |
| Koha item type | Books |
| Lost status | Source of classification or shelving scheme | Damaged status | Not for loan | Collection code | Permanent Location | Current Location | Shelving location | Date acquired | Source of acquisition | Cost, normal purchase price | Total Checkouts | Full call number | Date last seen | Copy number | Koha item type |
|---|---|---|---|---|---|---|---|---|---|---|---|---|---|---|---|
| Dewey Decimal Classification | Not For Loan | Rare Books | Central Library, University of Rajshahi | Central Library, University of Rajshahi | Rare Book Section | 17/09/1969 | pakistan book centre, Karachi | 28.12 | RA 297 LAS 1966 | 26/04/2014 | C-1 | Rare Books | |||
| Dewey Decimal Classification | Non-fiction | Central Library, University of Rajshahi | Central Library, University of Rajshahi | 17/09/1969 | pakistan book centre, Karachi | 28.12 | 297 LAS 1966 | 26/04/2014 | C-2 | Books |